General Business and Consumer Fundamentals (Record no. 428)

MARC details
005 - DATE AND TIME OF LATEST TRANSACTION
control field 20250312092556.0
020 ## - INTERNATIONAL STANDARD BOOK NUMBER
International Standard Book Number 0-07-092804-5
082 ## - DEWEY DECIMAL CLASSIFICATION NUMBER
Classification number 658.834 TRE
100 ## - MAIN ENTRY--PERSONAL NAME
Author name TRELIVING, J. T.
245 ## - TITLE STATEMENT
Title General Business and Consumer Fundamentals
260 ## - PUBLICATION, DISTRIBUTION, ETC.
Place of publication, distribution, etc. Canada
Name of publisher, distributor, etc. McGraw-Hill
Date of publication, distribution, etc. 1970
300 ## - PHYSICAL DESCRIPTION
Extent 388p., ill., Picture, figure, table
Other physical details Glossary, index
Dimensions 25cm
700 ## - ADDED ENTRY--PERSONAL NAME
Other authors/Editors MURPHY, T. G.
942 ## - ADDED ENTRY ELEMENTS (KOHA)
Source of classification or shelving scheme Dewey Decimal Classification
Koha item type Books
Holdings
Date last seen Total checkouts Full call number Barcode Cost, replacement price Price effective from Koha item type Lost status Source of classification or shelving scheme Damaged status Not for loan Withdrawn status Home library Current library Shelving location Date acquired Cost, normal purchase price
03/12/2025   658.834 TRE 0000001450 75000.00 03/12/2025 Books   Dewey Decimal Classification       College of Business Education Main Library College of Business Education Main Library General Collection 03/12/2025 25000.00